[Event "CAMPEONATO DE EUSKADI DE VETERANOS"]
[Site "Zarauz"]
[Date "2018.06.23"]
[Round "1.1"]
[White "Garcia Sanchez, Jose Manuel"]
[Black "Ladron De Guevara Galar, Fco J"]
[Result "0-1"]
[WhiteElo "1670"]
[BlackElo "2125"]
[PlyCount "40"]
[EventDate "2018.06.23"]

1. e4 e5 2. Nf3 Nc6 3. Bc4 Nf6 4. d3 Bc5 5. O-O a6 6. a3 d6 7. h3 Ba7 8. Bg5 h6
9. Bh4 g5 10. Bg3 Nh5 11. Bh2 Nf4 12. Nc3 Nd4 13. Bxf4 gxf4 14. Nxd4 Bxd4 15.
Qh5 Rh7 16. Rab1 c6 17. Ne2 Bb6 18. b4 Qg5 19. Qf3 h5 20. Kh1 Bg4 0-1

[Event "CAMPEONATO DE EUSKADI DE VETERANOS"]
[Site "Zarauz"]
[Date "2018.06.23"]
[Round "1.2"]
[White "Besga Lopez, Jose Angel"]
[Black "Saenz Zabala, Juan Ignacio"]
[Result "1/2-1/2"]
[WhiteElo "2111"]
[BlackElo "1651"]
[PlyCount "55"]
[EventDate "2018.06.23"]

1. e4 c5 2. d4 d6 3. c3 cxd4 4. Bc4 Nf6 5. Qe2 Nc6 6. Bg5 Bg4 7. f3 Bd7 8. f4
Bg4 9. Nf3 Qa5 10. O-O g6 11. Bxf6 exf6 12. Kh1 dxc3 13. Nxc3 Bh6 14. Nd5 Bg7
15. b4 Qd8 16. Rad1 O-O 17. b5 Ne7 18. h3 Nxd5 19. Bxd5 Bc8 20. g4 Qe7 21. f5
gxf5 22. gxf5 Bxf5 23. Rg1 Bg6 24. Nh4 Kh8 25. Qg4 Rae8 26. Nf5 Qd7 27. Rdf1
Rg8 28. Qh4 1/2-1/2

[Event "CAMPEONATO DE EUSKADI DE VETERANOS"]
[Site "Zarauz"]
[Date "2018.06.23"]
[Round "1.3"]
[White "Gomez Calvo, Jose Ricardo"]
[Black "Martinez De Butron Alberdi, Luis"]
[Result "1-0"]
[WhiteElo "1932"]
[BlackElo "1559"]
[PlyCount "33"]
[EventDate "2018.06.23"]

1. d4 Nf6 2. Bg5 d5 3. e3 a6 4. Nd2 h6 5. Bh4 c6 6. Bd3 Nbd7 7. f4 e6 8. Ngf3
c5 9. c3 b5 10. Ne5 Bb7 11. Qf3 Be7 12. a3 Qb6 13. O-O b4 14. axb4 cxb4 15. Qe2
O-O 16. Nxd7 Qc6 17. Nxf8 1-0

[Event "CAMPEONATO DE EUSKADI DE VETERANOS"]
[Site "Zarauz"]
[Date "2018.06.23"]
[Round "1.4"]
[White "Martinez De Soria Gordon, Jose Manuel"]
[Black "Moreno Romero, Ernesto"]
[Result "1-0"]
[WhiteElo "1923"]
[BlackElo "1558"]
[PlyCount "63"]
[EventDate "2018.06.23"]

1. e4 c5 2. Nc3 e6 3. g3 Nc6 4. Bg2 Nf6 5. Nge2 Be7 6. O-O O-O 7. d4 cxd4 8.
Nxd4 Bc5 9. Nb3 Be7 10. Be3 d6 11. Qe2 Nd7 12. Rad1 a6 13. h3 Qc7 14. Kh2 Nce5
15. Nd2 Ng6 16. f4 Nb6 17. h4 Bf6 18. Bxb6 Qxb6 19. Nc4 Qc7 20. Rxd6 Rb8 21. e5
Be7 22. h5 Nxf4 23. Rxf4 b5 24. Rc6 Qd8 25. Nd6 Bd7 26. Rxa6 Bg5 27. Rd4 f6 28.
Nb7 Qe8 29. Ne4 fxe5 30. Rxd7 Qxd7 31. Nxg5 Rxb7 32. Qe4 1-0

[Event "CAMPEONATO DE EUSKADI DE VETERANOS"]
[Site "Zarauz"]
[Date "2018.06.23"]
[Round "1.5"]
[White "Arrese-Igor Sanchez, Cesareo"]
[Black "Junquera Ciaurriz, Maria Teresa"]
[Result "1-0"]
[WhiteElo "1875"]
[BlackElo "1435"]
[PlyCount "53"]
[EventDate "2018.06.23"]

1. e4 d6 2. d4 Nf6 3. Nc3 g6 4. Bg5 Bg7 5. e5 dxe5 6. dxe5 Qxd1+ 7. Rxd1 Ng4 8.
h3 Nxe5 9. Nd5 Na6 10. Bxa6 O-O 11. Be2 e6 12. Nxc7 Rb8 13. Nb5 Nc6 14. c3 a6
15. Nd6 Bd7 16. Nf3 e5 17. O-O Be6 18. b3 h6 19. Be3 Ne7 20. Bc5 b6 21. Ba3 Nd5
22. Ne4 b5 23. Bxf8 Kxf8 24. Rfe1 Nf4 25. Bf1 f5 26. Nc5 Bf7 27. Nd7+ 1-0

[Event "CAMPEONATO DE EUSKADI DE VETERANOS"]
[Site "Zarauz"]
[Date "2018.06.23"]
[Round "1.6"]
[White "Ajubita Torrealdea, Jose A"]
[Black "Fernandez De Pinedo Orive, Jose"]
[Result "0-1"]
[WhiteElo "1331"]
[BlackElo "1850"]
[PlyCount "50"]
[EventDate "2018.06.23"]

1. e4 c5 2. Nf3 d6 3. c3 Nf6 4. d3 Nc6 5. Bg5 e6 6. Bxf6 Qxf6 7. Nbd2 a6 8. a4
Be7 9. Nc4 Rb8 10. Nb6 O-O 11. Be2 Rd8 12. O-O d5 13. Qc2 d4 14. Nxc8 Rdxc8 15.
Rfe1 Bd6 16. Qd2 Bf4 17. Qc2 h6 18. g3 Bd6 19. Qd2 Bc7 20. Rac1 Ba5 21. Qc2 b5
22. axb5 axb5 23. Qd2 dxc3 24. bxc3 b4 25. e5 Qe7 0-1

[Event "CAMPEONATO DE EUSKADI DE VETERANOS"]
[Site "Zarauz"]
[Date "2018.06.23"]
[Round "1.9"]
[White "Aizpurua Zufiria, Inaki"]
[Black "Feijoo Rubio, Jose Jorge"]
[Result "0-1"]
[WhiteElo "1449"]
[BlackElo "1497"]
[PlyCount "64"]
[EventDate "2018.06.23"]

1. f4 d5 2. Nf3 c5 3. e3 a6 4. b3 Nc6 5. Bb2 Bg4 6. Be2 f6 7. O-O g6 8. h3 Bd7
9. d3 Bg7 10. c4 Be6 11. Ng5 Qd7 12. Nd2 h6 13. Nxe6 Qxe6 14. Rf3 O-O-O 15.
cxd5 Qxd5 16. Nc4 Kc7 17. a3 e5 18. e4 Qe6 19. Qc2 b6 20. Raf1 Nge7 21. fxe5 f5
22. exf5 Nxf5 23. g4 Nfd4 24. Rf7+ Rd7 25. Rxd7+ Qxd7 26. Qd1 Nxe5 27. Bxd4
Qxd4+ 28. Kh1 Rd8 29. Nxe5 Bxe5 30. Rf7+ Rd7 31. Qf1 Qd5+ 32. Bf3 Qxf7 0-1

[Event "CAMPEONATO DE EUSKADI DE VETERANOS"]
[Site "Zarauz"]
[Date "2018.06.23"]
[Round "2.1"]
[White "Ladron De Guevara Galar, Fco J"]
[Black "Arranz Arranz, Javier"]
[Result "1-0"]
[WhiteElo "2125"]
[BlackElo "1838"]
[PlyCount "47"]
[EventDate "2018.06.23"]

1. d4 f5 2. g3 g6 3. Bg2 Bg7 4. Nf3 Nf6 5. O-O O-O 6. c4 d6 7. Nc3 Qe8 8. b3 c6
9. Bb2 a5 10. d5 h6 11. Nd4 e5 12. dxe6 Bxe6 13. Nxe6 Qxe6 14. Qd2 Na6 15. Rad1
Rfd8 16. e3 Kh7 17. Qc2 Rd7 18. h4 Rad8 19. Rd2 Nb4 20. Qb1 d5 21. a3 Na6 22.
cxd5 Nxd5 23. Nxd5 Bxb2 24. Nf4 1-0

[Event "CAMPEONATO DE EUSKADI DE VETERANOS"]
[Site "Zarauz"]
[Date "2018.06.23"]
[Round "2.2"]
[White "Fernandez De Pinedo Orive, Jose"]
[Black "Gomez Calvo, Jose Ricardo"]
[Result "1-0"]
[WhiteElo "1850"]
[BlackElo "1932"]
[PlyCount "92"]
[EventDate "2018.06.23"]

1. e4 c5 2. Nf3 e6 3. d4 cxd4 4. Nxd4 a6 5. c4 Nf6 6. Nc3 Bb4 7. Bd3 Qc7 8. O-O
Nc6 9. Be3 O-O 10. Rc1 Ne5 11. Bf4 b6 12. a3 Bd6 13. Bxe5 Bxe5 14. Nf3 Bf4 15.
Rc2 Bb7 16. Re1 d6 17. g3 Bh6 18. b4 Rac8 19. Nd4 Rfd8 20. Qe2 Qb8 21. f4 g6
22. Nf3 Qa8 23. Na4 Nd7 24. Qf2 Qa7 25. f5 Bc6 26. Nb2 Qa8 27. Nd4 exf5 28.
Nxc6 Qxc6 29. exf5 Re8 30. Rce2 Rxe2 31. Rxe2 Ne5 32. Be4 Qc7 33. Bd5 a5 34. h3
Bc1 35. fxg6 hxg6 36. Qf6 Qd8 37. Qf1 Qg5 38. Kh2 Kg7 39. Rc2 Be3 40. Nd3 f6
41. Nxe5 Qxe5 42. Re2 Re8 43. Kg2 Re7 44. Qf3 Qd4 45. bxa5 bxa5 46. h4 Re5 1-0

[Event "CAMPEONATO DE EUSKADI DE VETERANOS"]
[Site "Zarauz"]
[Date "2018.06.23"]
[Round "2.3"]
[White "Zubia Aramburu, Mikel"]
[Black "Martinez De Soria Gordon, Jose Manuel"]
[Result "1-0"]
[WhiteElo "1735"]
[BlackElo "1923"]
[PlyCount "115"]
[EventDate "2018.06.23"]

1. c4 Nf6 2. Nc3 e6 3. g3 Bb4 4. Bg2 O-O 5. Qb3 Na6 6. a3 Bxc3 7. Qxc3 d5 8.
cxd5 Nxd5 9. Qc2 c6 10. Nf3 Bd7 11. O-O Rc8 12. b3 c5 13. Bb2 Bb5 14. Rfe1 c4
15. Nd4 cxb3 16. Qxb3 Bc6 17. Rac1 Qb6 18. Bxd5 exd5 19. Qxb6 axb6 20. Nf5 Rce8
21. Bxg7 Re4 22. d3 Ra4 23. Bxf8 Kxf8 24. Rc3 Nc5 25. Rb1 Ra6 26. Nd4 Bd7 27.
Nc2 Be6 28. f3 Ke7 29. d4 Na4 30. Rc7+ Kd8 31. Rxb7 Kc8 32. Re7 Nc3 33. Rb3
Nxe2+ 34. Kf2 Nc1 35. Re3 Kd8 36. R7xe6 fxe6 37. Rxe6 Kd7 38. Rh6 Nd3+ 39. Ke3
Nb2 40. Rxh7+ Kd6 41. Rh6+ Kd7 42. g4 Nc4+ 43. Kf4 Nxa3 44. Nxa3 Rxa3 45. Rxb6
Rd3 46. Rb4 Ke6 47. h4 Kf6 48. h5 Kg7 49. g5 Kf7 50. Kg4 Kg7 51. f4 Kf7 52. Kf5
Kg7 53. Rb7+ Kf8 54. Ke5 Rf3 55. f5 Rh3 56. Kf6 Ke8 57. h6 Re3 58. h7 1-0

[Event "CAMPEONATO DE EUSKADI DE VETERANOS"]
[Site "Zarauz"]
[Date "2018.06.23"]
[Round "2.4"]
[White "Feijoo Rubio, Jose Jorge"]
[Black "Arrese-Igor Sanchez, Cesareo"]
[Result "1/2-1/2"]
[WhiteElo "1497"]
[BlackElo "1875"]
[PlyCount "71"]
[EventDate "2018.06.23"]

1. d4 Nf6 2. c4 e5 3. d5 Bc5 4. e3 d6 5. a3 a5 6. Nc3 O-O 7. Qc2 c6 8. h3 Nbd7
9. Bd3 Re8 10. Ne4 Nxe4 11. Bxe4 Nf6 12. dxc6 Nxe4 13. Qxe4 bxc6 14. Qxc6 Be6
15. b3 Rb8 16. Qe4 Rxb3 17. Ne2 Qg5 18. Ng3 Rc3 19. Bd2 Rxc4 20. Qd3 d5 21. O-O
e4 22. Qe2 Rc8 23. Qh5 Qf6 24. Bxa5 Rc2 25. Bb4 Bb6 26. Rae1 Ra2 27. Re2 Ra1
28. Ree1 Rxe1 29. Rxe1 Rc2 30. Rf1 Bc7 31. f4 exf3 32. Qxf3 Qe5 33. Qf4 Qb2 34.
Qf3 Qe5 35. Qf4 Qb2 36. Qf3 1/2-1/2

[Event "CAMPEONATO DE EUSKADI DE VETERANOS"]
[Site "Zarauz"]
[Date "2018.06.23"]
[Round "2.5"]
[White "Martinez De Butron Alberdi, Luis"]
[Black "Besga Lopez, Jose Angel"]
[Result "0-1"]
[WhiteElo "1559"]
[BlackElo "2111"]
[PlyCount "55"]
[EventDate "2018.06.23"]

1. e4 e5 2. Nf3 f5 3. Nxe5 Qe7 4. Qh5+ g6 5. Nxg6 Qxe4+ 6. Be2 Nf6 7. Qh3 hxg6
8. Qxh8 Qxg2 9. Rf1 Kf7 10. d3 Nc6 11. Qh4 b5 12. Qg3 Qxg3 13. fxg3 Nd4 14. Bd1
Bb7 15. c3 Re8+ 16. Kf2 Ne6 17. Re1 Bd6 18. Bf3 Bxf3 19. Kxf3 Rh8 20. Kg2 Nc5
21. Na3 a6 22. d4 Nce4 23. Bf4 Bxf4 24. gxf4 Ng4 25. h3 Ngf2 26. Re3 Rh4 27.
Rf3 Nxh3 28. Rg3 0-1

[Event "CAMPEONATO DE EUSKADI DE VETERANOS"]
[Site "Zarauz"]
[Date "2018.06.23"]
[Round "2.6"]
[White "Saenz Zabala, Juan Ignacio"]
[Black "Garcia Sanchez, Jose Manuel"]
[Result "1/2-1/2"]
[WhiteElo "1651"]
[BlackElo "1670"]
[PlyCount "113"]
[EventDate "2018.06.23"]

1. e4 e5 2. Nc3 Nc6 3. Bc4 Nf6 4. f4 Bc5 5. Nf3 d6 6. Na4 Nxe4 7. Nxc5 Nxc5 8.
O-O O-O 9. fxe5 dxe5 10. d3 Bg4 11. Qe1 Bxf3 12. Rxf3 Qe7 13. Rg3 Kh8 14. Bd2
Nd4 15. Rc1 b5 16. Bb3 Ncxb3 17. cxb3 Rac8 18. Bc3 c5 19. Re3 f6 20. Re4 Qd7
21. Qh4 b4 22. Bd2 Rfd8 23. Qh5 Qf5 24. Qh4 Qg6 25. Qf2 Ne6 26. Qe2 Ng5 27. Re3
a5 28. Rg3 Qf5 29. Rf1 Qd7 30. Bxg5 fxg5 31. Qe4 Qd4+ 32. Qxd4 Rxd4 33. Rf5 h6
34. Rf7 Rcd8 35. Rff3 a4 36. bxa4 c4 37. dxc4 Rxc4 38. Rf1 Rc2 39. b3 Rxa2 40.
Rgf3 Rdd2 41. R3f2 Rab2 42. Rxd2 Rxd2 43. Rf8+ Kh7 44. Rb8 Rd4 45. Kf2 Kg6 46.
a5 Rd2+ 47. Kf3 Rd3+ 48. Ke4 Rxb3 49. a6 Ra3 50. Rb6+ Kh7 51. Kf5 b3 52. h3 Ra5
53. Ke6 b2 54. Rxb2 Rxa6+ 55. Kf5 Rf6+ 56. Ke4 h5 57. Kxe5 1/2-1/2

[Event "CAMPEONATO DE EUSKADI DE VETERANOS"]
[Site "Zarauz"]
[Date "2018.06.23"]
[Round "2.7"]
[White "Moreno Romero, Ernesto"]
[Black "Ajubita Torrealdea, Jose A"]
[Result "1-0"]
[WhiteElo "1558"]
[BlackElo "1331"]
[PlyCount "33"]
[EventDate "2018.06.23"]

1. e4 e5 2. Nf3 Nc6 3. Bc4 Nf6 4. O-O Bc5 5. c3 O-O 6. d4 exd4 7. cxd4 Bb6 8.
Bg5 h6 9. Bh4 g5 10. Nxg5 Bxd4 11. Nxf7 Rxf7 12. Bxf7+ Kxf7 13. Kh1 Bxb2 14.
Qb3+ Kg7 15. Qxb2 d6 16. f4 Qe8 17. Qxf6+ 1-0

[Event "CAMPEONATO DE EUSKADI DE VETERANOS"]
[Site "Zarauz"]
[Date "2018.06.23"]
[Round "3.1"]
[White "Fernandez De Pinedo Orive, Jose"]
[Black "Ladron De Guevara Galar, Fco J"]
[Result "0-1"]
[WhiteElo "1850"]
[BlackElo "2125"]
[PlyCount "76"]
[EventDate "2018.06.23"]

1. e4 e5 2. Nf3 Nc6 3. Bb5 a6 4. Bxc6 dxc6 5. d3 Qd6 6. Be3 c5 7. Nbd2 f6 8.
Nc4 Qe6 9. Bd2 b6 10. Qe2 Ne7 11. a4 Nc6 12. c3 Bb7 13. Be3 a5 14. O-O g6 15.
Nh4 O-O-O 16. Rad1 Be7 17. Nf3 h6 18. Rfe1 f5 19. d4 exd4 20. cxd4 fxe4 21.
Nfe5 Nxd4 22. Qg4 Qxg4 23. Nxg4 Nc2 24. Rf1 Rxd1 25. Rxd1 Nxe3 26. Ncxe3 h5 27.
Ne5 Rg8 28. b3 Bf6 29. N3c4 g5 30. h3 Rd8 31. Rxd8+ Kxd8 32. g4 hxg4 33. hxg4
Bd5 34. Kf1 Ke7 35. Ke2 Bxe5 36. Nxe5 Bxb3 37. Ke3 Ke6 38. Ng6 Bxa4 0-1

[Event "CAMPEONATO DE EUSKADI DE VETERANOS"]
[Site "Zarauz"]
[Date "2018.06.23"]
[Round "3.2"]
[White "Arrese-Igor Sanchez, Cesareo"]
[Black "Zubia Aramburu, Mikel"]
[Result "1/2-1/2"]
[WhiteElo "1875"]
[BlackElo "1735"]
[PlyCount "93"]
[EventDate "2018.06.23"]

1. e4 c6 2. Nf3 d5 3. Nc3 dxe4 4. Nxe4 Nf6 5. Nxf6+ exf6 6. d4 Bd6 7. Be3 O-O
8. Bd3 Bg4 9. h3 Bxf3 10. Qxf3 Nd7 11. O-O-O Qc7 12. Kb1 c5 13. dxc5 Nxc5 14.
Bxc5 Qxc5 15. h4 Be5 16. Qe4 g6 17. f4 Bd4 18. c3 Bf2 19. h5 f5 20. Qf3 Qe3 21.
hxg6 hxg6 22. Qxb7 Rab8 23. Qc6 Rb6 24. Qf3 Qxf3 25. gxf3 Kg7 26. Kc2 Rfb8 27.
b3 a5 28. Bc4 Be3 29. Rd7 R6b7 30. Rhd1 Bxf4 31. Bxf7 Rxd7 32. Rxd7 Kf6 33. Bc4
Rh8 34. Ra7 Rh1 35. Be2 Rc1+ 36. Kd3 Be5 37. Rxa5 Rxc3+ 38. Kd2 Rc6 39. Bc4
Rd6+ 40. Ke3 f4+ 41. Ke2 Rd8 42. Ra6+ Bd6 43. Bd3 g5 44. Ra5 Re8+ 45. Be4 Be5
46. Ra6+ Ke7 47. Ra7+ 1/2-1/2

[Event "CAMPEONATO DE EUSKADI DE VETERANOS"]
[Site "Zarauz"]
[Date "2018.06.23"]
[Round "3.3"]
[White "Besga Lopez, Jose Angel"]
[Black "Feijoo Rubio, Jose Jorge"]
[Result "1-0"]
[WhiteElo "2111"]
[BlackElo "1497"]
[PlyCount "85"]
[EventDate "2018.06.23"]

1. e4 c5 2. Bc4 e6 3. Qe2 a6 4. a4 Nc6 5. c3 Ne5 6. Nf3 Nxc4 7. Qxc4 d5 8. exd5
exd5 9. Qe2+ Qe7 10. d4 Qxe2+ 11. Kxe2 c4 12. Re1 Be7 13. Kf1 Bf5 14. Bf4 Rd8
15. Nbd2 Nf6 16. Ne5 Ne4 17. Nxe4 Bxe4 18. Kg1 f6 19. Nxc4 Kf7 20. Na5 Rd7 21.
Nb3 b6 22. a5 Bc2 23. Nd2 b5 24. Rac1 Bd3 25. Re3 Bf5 26. h3 g5 27. Bh2 h5 28.
Nb3 Bd6 29. Nc5 Bxh2+ 30. Kxh2 Rd6 31. Rce1 Bc8 32. Re7+ Kg6 33. Re8 Rd8 34.
Rxh8 Rxh8 35. Re7 Rh7 36. Re8 Rc7 37. Rd8 Kf7 38. Rd6 Ke7 39. Rb6 Ra7 40. Rc6
Ra8 41. b4 g4 42. Rc7+ Kd6 43. Rf7 1-0

[Event "CAMPEONATO DE EUSKADI DE VETERANOS"]
[Site "Zarauz"]
[Date "2018.06.23"]
[Round "3.4"]
[White "Gomez Calvo, Jose Ricardo"]
[Black "Saenz Zabala, Juan Ignacio"]
[Result "1-0"]
[WhiteElo "1932"]
[BlackElo "1651"]
[PlyCount "51"]
[EventDate "2018.06.23"]

1. d4 Nf6 2. Bg5 Ne4 3. Bf4 g5 4. Be5 f6 5. f3 fxe5 6. fxe4 Bg7 7. e3 O-O 8.
Be2 exd4 9. exd4 c5 10. Nf3 e6 11. O-O Nc6 12. c3 cxd4 13. Kh1 d5 14. exd5 exd5
15. cxd4 g4 16. Nfd2 Nxd4 17. Nc3 g3 18. h3 Qh4 19. Rxf8+ Bxf8 20. Bf1 Bd6 21.
Nf3 Nxf3 22. Qxd5+ Kh8 23. Qxd6 Bxh3 24. gxh3 Ng5 25. Qf6+ Kg8 26. Bc4+ 1-0

[Event "CAMPEONATO DE EUSKADI DE VETERANOS"]
[Site "Zarauz"]
[Date "2018.06.23"]
[Round "3.5"]
[White "Martinez De Soria Gordon, Jose Manuel"]
[Black "Aizpurua Zufiria, Inaki"]
[Result "1-0"]
[WhiteElo "1923"]
[BlackElo "1449"]
[PlyCount "73"]
[EventDate "2018.06.23"]

1. e4 c5 2. Nc3 e6 3. Nge2 a6 4. d4 cxd4 5. Nxd4 Qc7 6. Be2 Nf6 7. O-O Be7 8.
Kh1 b5 9. a3 Bb7 10. Bf3 O-O 11. Re1 Nc6 12. e5 Ne8 13. Bf4 Rd8 14. Bg3 d6 15.
Bxc6 Bxc6 16. Qe2 dxe5 17. Bxe5 Bd6 18. Nxc6 Qxc6 19. Rad1 Nc7 20. Bxd6 Rxd6
21. Ne4 Rxd1 22. Rxd1 Nd5 23. c3 Rd8 24. Ng5 h6 25. Nf3 Qc7 26. g3 Nf6 27. Rd4
Rxd4 28. Nxd4 Qb7+ 29. f3 Qd5 30. Kg2 Ng4 31. h4 Ne5 32. Kh3 Nc6 33. Nc2 Qf5+
34. Kg2 Qe5 35. Qf2 Qd5 36. Ne3 Qc5 37. Qd2 1-0

[Event "CAMPEONATO DE EUSKADI DE VETERANOS"]
[Site "Zarauz"]
[Date "2018.06.23"]
[Round "3.6"]
[White "Arranz Arranz, Javier"]
[Black "Moreno Romero, Ernesto"]
[Result "0-1"]
[WhiteElo "1838"]
[BlackElo "1558"]
[PlyCount "25"]
[EventDate "2018.06.23"]

1. e4 c5 2. Nc3 Nc6 3. f4 e6 4. Nf3 d5 5. e5 Nge7 6. g3 Nf5 7. Bg2 c4 8. O-O
Bc5+ 9. Kh1 h5 10. Na4 Be7 11. Re1 Nh6 12. d3 Ng4 13. h3 0-1

[Event "CAMPEONATO DE EUSKADI DE VETERANOS"]
[Site "Zarauz"]
[Date "2018.06.23"]
[Round "3.8"]
[White "Ajubita Torrealdea, Jose A"]
[Black "Martinez De Butron Alberdi, Luis"]
[Result "1/2-1/2"]
[WhiteElo "1331"]
[BlackElo "1559"]
[PlyCount "86"]
[EventDate "2018.06.23"]

1. e4 c5 2. Nf3 d6 3. d4 cxd4 4. Nxd4 Nf6 5. Nc3 a6 6. Bd3 g6 7. O-O Bg7 8. Be3
b5 9. b4 Bb7 10. f3 Nbd7 11. Rc1 O-O 12. Qd2 Rc8 13. Nce2 Nb6 14. Bh6 Nc4 15.
Bxc4 Rxc4 16. Bxg7 Kxg7 17. c3 Qb6 18. Qe3 Kg8 19. Kf2 Rfc8 20. Rfd1 Bxe4 21.
h3 d5 22. fxe4 Nxe4+ 23. Kf1 e5 24. Nc2 Qe6 25. Na3 Rxc3 26. Kg1 f5 27. Qf3
R3c7 28. Nb1 Qb6+ 29. Kf1 Qe6 30. Nd2 Rf7 31. Kg1 Nd6 32. Nf1 e4 33. Qf4 Nc4
34. Nd4 Qb6 35. Kh1 Rd8 36. Nd2 Nb2 37. Rf1 Nd3 38. Qg5 Rd6 39. Rc2 Kg7 40.
Nxf5+ Rxf5 41. Rxf5 Nf2+ 42. Kh2 Nd3 43. Qe7+ Kh6 1/2-1/2

[Event "CAMPEONATO DE EUSKADI DE VETERANOS"]
[Site "Zarauz"]
[Date "2018.06.23"]
[Round "4.1"]
[White "Ladron De Guevara Galar, Fco J"]
[Black "Besga Lopez, Jose Angel"]
[Result "1/2-1/2"]
[WhiteElo "2125"]
[BlackElo "2111"]
[PlyCount "90"]
[EventDate "2018.06.23"]

1. d4 f5 2. g3 Nf6 3. Bg2 e6 4. c4 d6 5. Nf3 Be7 6. O-O O-O 7. b3 Qe8 8. Bb2
Qh5 9. Nc3 Ne4 10. Qd3 Nxc3 11. Bxc3 Nd7 12. e4 fxe4 13. Qxe4 Nf6 14. Qe2 Bd7
15. Rfe1 Rae8 16. Nd2 Qh6 17. Ne4 c6 18. f4 Nxe4 19. Bxe4 e5 20. dxe5 dxe5 21.
Bd2 exf4 22. Qd3 Bg4 23. Bxf4 Bc5+ 24. Be3 Bxe3+ 25. Qxe3 Qxe3+ 26. Rxe3 Rd8
27. Bd3 Rf3 28. Rxf3 Bxf3 29. Bf1 Rd2 30. Bh3 g5 31. a3 g4 32. Bf1 Be2 33. Bxe2
Rxe2 34. Rd1 Re3 35. Rd8+ Kf7 36. Rd7+ Re7 37. Rd3 Kf6 38. Kf2 h5 39. Rd1 Rf7
40. Ke3 Ke7 41. Rd3 Rf3+ 42. Ke2 Rxd3 43. Kxd3 Ke6 44. Ke4 b6 45. b4 Kf6
1/2-1/2

[Event "CAMPEONATO DE EUSKADI DE VETERANOS"]
[Site "Zarauz"]
[Date "2018.06.23"]
[Round "4.2"]
[White "Zubia Aramburu, Mikel"]
[Black "Gomez Calvo, Jose Ricardo"]
[Result "1/2-1/2"]
[WhiteElo "1735"]
[BlackElo "1932"]
[PlyCount "77"]
[EventDate "2018.06.23"]

1. c4 e6 2. Nc3 d5 3. cxd5 exd5 4. d4 c6 5. Bf4 Bf5 6. e3 Be7 7. Nf3 Nd7 8. Be2
h6 9. h3 Ngf6 10. O-O O-O 11. Rc1 Re8 12. a3 Bf8 13. b4 a5 14. b5 Bxa3 15. bxc6
bxc6 16. Qa4 Bxc1 17. Rxc1 Qb6 18. Qa1 Rec8 19. Ne5 Nxe5 20. Bxe5 Nd7 21. Bg3
Qb4 22. Na4 Qd2 23. Bf3 Bg6 24. Bg4 f5 25. Bf3 Bh7 26. Rb1 f4 27. Rb2 Qd3 28.
Bxf4 Qa6 29. Bg4 Qa7 30. Bxd7 Qxd7 31. Nb6 Qa7 32. Nxc8 Rxc8 33. Qa4 Qa6 34.
Ra2 Ra8 35. Bc7 Qd3 36. Bxa5 Ra6 37. Ra1 Qe2 38. Qb4 Bd3 39. Re1 1/2-1/2

[Event "CAMPEONATO DE EUSKADI DE VETERANOS"]
[Site "Zarauz"]
[Date "2018.06.23"]
[Round "4.3"]
[White "Martinez De Soria Gordon, Jose Manuel"]
[Black "Fernandez De Pinedo Orive, Jose"]
[Result "1-0"]
[WhiteElo "1923"]
[BlackElo "1850"]
[PlyCount "59"]
[EventDate "2018.06.23"]

1. e4 c5 2. Nc3 d6 3. g3 g6 4. Bg2 Nc6 5. d3 Bg7 6. Be3 e6 7. Qc1 Nd4 8. Nce2
Ne7 9. c3 Ndc6 10. Nf3 Bd7 11. Bh6 O-O 12. h4 f5 13. Bxg7 Kxg7 14. h5 Rh8 15.
h6+ Kf8 16. Qe3 Ng8 17. e5 dxe5 18. Nxe5 Qe7 19. Qxc5 Nf6 20. Nxd7+ Nxd7 21.
Qxe7+ Kxe7 22. O-O-O Rac8 23. Kb1 Rc7 24. d4 Rf8 25. Bf3 Rd8 26. Nf4 g5 27. Nd3
b6 28. Bxc6 Rxc6 29. Ne5 Rc7 30. f3 {(Ilegible)} 1-0

[Event "CAMPEONATO DE EUSKADI DE VETERANOS"]
[Site "Zarauz"]
[Date "2018.06.23"]
[Round "4.5"]
[White "Garcia Sanchez, Jose Manuel"]
[Black "Feijoo Rubio, Jose Jorge"]
[Result "1-0"]
[WhiteElo "1670"]
[BlackElo "1497"]
[PlyCount "57"]
[EventDate "2018.06.23"]

1. e4 c5 2. c3 Nc6 3. d4 cxd4 4. cxd4 d5 5. e5 Bf5 6. Nf3 h6 7. Bb5 a6 8. Bxc6+
bxc6 9. O-O e6 10. Nc3 Bb4 11. Bd2 Ne7 12. a3 Ba5 13. b4 Bb6 14. Na4 Ba7 15.
Nc5 Bb6 16. Nb7 Qc7 17. Nd6+ Kf8 18. Rc1 Bh7 19. Be3 Nc8 20. b5 axb5 21. Nxb5
Qe7 22. Nc3 Rxa3 23. Qd2 g5 24. Qb2 Ra6 25. Ra1 Qa7 26. Rxa6 Qxa6 27. Ra1 Qd3
28. Ne1 Qc4 29. Ra4 1-0

[Event "CAMPEONATO DE EUSKADI DE VETERANOS"]
[Site "Zarauz"]
[Date "2018.06.23"]
[Round "4.6"]
[White "Aizpurua Zufiria, Inaki"]
[Black "Arranz Arranz, Javier"]
[Result "0-1"]
[WhiteElo "1449"]
[BlackElo "1838"]
[PlyCount "75"]
[EventDate "2018.06.23"]

1. f4 f5 2. Nf3 Nf6 3. e3 e6 4. b3 b6 5. Bb2 Bb7 6. Be2 Be7 7. O-O O-O 8. d3 d6
9. Nd4 Qd7 10. Nd2 c5 11. N4f3 Ng4 12. Qc1 Nxe3 13. Rf2 Nd5 14. Nf1 Nf6 15. c4
Ng4 16. Qe1 Nc6 17. h3 Nxf2 18. Qxf2 Bf6 19. d4 cxd4 20. Nxd4 Nxd4 21. Bxd4 e5
22. fxe5 dxe5 23. Bc3 e4 24. Rd1 Qe6 25. Bxf6 Rxf6 26. c5 Kh8 27. Bc4 Qe7 28.
cxb6 axb6 29. a4 Rd8 30. Rxd8+ Qxd8 31. Ne3 f4 32. Ng4 e3 33. Qe2 Rf8 34. Ne5
Qd2 35. Qg4 Qe1+ 36. Kh2 Qg3+ 37. Qxg3 fxg3+ 38. Kxg3 0-1

[Event "CAMPEONATO DE EUSKADI DE VETERANOS"]
[Site "Zarauz"]
[Date "2018.06.23"]
[Round "5.1"]
[White "Arrese-Igor Sanchez, Cesareo"]
[Black "Ladron De Guevara Galar, Fco J"]
[Result "0-1"]
[WhiteElo "1875"]
[BlackElo "2125"]
[PlyCount "24"]
[EventDate "2018.06.23"]

1. e4 e5 2. Nf3 Nc6 3. Nc3 Nf6 4. d4 exd4 5. Nd5 Nb4 6. Nxf6+ Qxf6 7. Bc4 Bc5
8. O-O d6 9. a3 Nc6 10. b4 Bb6 11. Bb2 Ne5 12. Be2 d3 0-1

[Event "CAMPEONATO DE EUSKADI DE VETERANOS"]
[Site "Zarauz"]
[Date "2018.06.23"]
[Round "5.2"]
[White "Besga Lopez, Jose Angel"]
[Black "Zubia Aramburu, Mikel"]
[Result "1-0"]
[WhiteElo "2111"]
[BlackElo "1735"]
[PlyCount "53"]
[EventDate "2018.06.23"]

1. e4 c6 2. d4 d5 3. exd5 cxd5 4. c4 Nf6 5. Nc3 Nc6 6. Nf3 Bg4 7. cxd5 Nxd5 8.
Be2 e6 9. O-O Be7 10. h3 Bh5 11. Ne5 Bxe2 12. Nxe2 Nxe5 13. dxe5 O-O 14. Nf4
Nxf4 15. Bxf4 Qxd1 16. Rfxd1 Rad8 17. Rxd8 Rxd8 18. Rc1 g5 19. Be3 b6 20. Rc7
Bc5 21. Bxg5 Rd1+ 22. Kh2 Bxf2 23. Bh6 Bh4 24. Rxa7 Rd3 25. Ra8+ Rd8 26. Ra4
Bf2 27. Rg4+ 1-0

[Event "CAMPEONATO DE EUSKADI DE VETERANOS"]
[Site "Zarauz"]
[Date "2018.06.23"]
[Round "5.3"]
[White "Gomez Calvo, Jose Ricardo"]
[Black "Martinez De Soria Gordon, Jose Manuel"]
[Result "1/2-1/2"]
[WhiteElo "1932"]
[BlackElo "1923"]
[PlyCount "79"]
[EventDate "2018.06.23"]

1. d4 Nf6 2. Bg5 Ne4 3. Bf4 d5 4. f3 Nd6 5. Nc3 c6 6. e4 e6 7. Qd2 Qa5 8. Bd3
Na6 9. Nce2 Qxd2+ 10. Bxd2 Nc4 11. Bxc4 dxc4 12. a3 Be7 13. Nh3 O-O 14. Nf2 Bd7
15. O-O Rac8 16. Rad1 Rfd8 17. Bc3 Nc7 18. Ng4 c5 19. dxc5 Bxc5+ 20. Kh1 Ba4
21. Rxd8+ Rxd8 22. Ne5 Bxc2 23. Rc1 Be3 24. Ra1 Bb3 25. Ba5 b6 26. Bc3 Nb5 27.
Bb4 a5 28. Nc6 Rd7 29. a4 Na7 30. Ne5 Rd1+ 31. Rxd1 Bxd1 32. Nc3 axb4 33. Nxd1
Bd4 34. Nxc4 Kf8 35. g3 Ke7 36. Kg2 Nc6 37. f4 f6 38. Kf3 e5 39. f5 Na5 40.
Nxa5 1/2-1/2